000 00638nam a22002297a 4500
005 20170124110220.0
010 _aA-710373
020 _a0895817608
_c100.00
035 _aA-710373
037 _bCen Lib/ Ret
040 _aDPL
_bEN
082 _a220.24
_bMEH
100 _aMehta, Rohit
_913089
245 _aThe call of the upnishads /
_cby Rohit Mehta
260 _aDelhi
_bMotilal Banarsidas
_c1970
270 _bDelhi
_abunglow road
_e110007
300 _a320p.
_c21cm(Hb)
500 _aIncludes index
650 _aHinduism
_x
_939691
650 _aUpanishads
_939692
942 _2ddc
_cEN
_h220.24
_mMEH
999 _c134067
_d134067